000
00358nam a2200145Ia 4500
999
_c
10342
_d
10342
008
220308s9999 xx 000 0 und d
020
_a
9788417412203
082
_a
740 WAN
100
_a
Shaoqiang Wang
245
0
_a
Playful Graphics
260
_b
Promopress; 2nd ed. edition (27 January 2020)
365
_c
USD
365
_d
45
942
_2
ddc